| 000 | 00751nam a2200241 a 4500 | ||
|---|---|---|---|
| 001 | 31812 | ||
| 003 | BD-RjUL | ||
| 005 | 20211209051743.0 | ||
| 008 | 140422s1961 ii a b 001 0 eng d | ||
| 035 |
_a(UkLCURL)s50018112031 _a(BD-RjUL)31900 |
||
| 040 |
_aBD-RjUL _beng _cBD-RjUL |
||
| 041 | _aeng | ||
| 082 |
_a294.513 _bTHE 1961 |
||
| 100 | 1 |
_aThomas, P. _996840 |
|
| 245 | 1 | 0 |
_aEpics, myths and legends of India : _ba comprehensive survey of the sacred lore of the Hindus, Buddhists and Jains / _cby P. Thomas. |
| 260 |
_aBombay : _bTaraporevala, _cc1961. |
||
| 300 |
_axiv, 210 p. ; _c29 cm. |
||
| 504 | _aIncludes index. | ||
| 650 | 0 |
_aHindu mythology. _996841 |
|
| 650 | 0 |
_aReligion _zIndia. _996842 |
|
| 942 |
_2ddc _cBK |
||
| 999 |
_c31812 _d31812 |
||